000 00728nam a2200217Ii 4500
003 JO-AjNU
008 230605s9999||||xx |||||||||||||| ||und||
017 _a1995/11/1173
040 _aJO-AjNU
_bara
_erda
_cJO-AjNU
041 _aara
050 1 4 _aHB172.R5522.1996
100 3 _aالريماوي،احمد شكري/محمود علي سالم,
_eauthor
_931896
245 0 0 _aمبادىء في النظرية الاقتصادية الجزئية
250 _aط1
264 3 1 _aعمان:دار حنين للنشر والتوزيع،1996
300 _a354ص
336 _atext
_btxt
_2rdacontent
337 _aunmediated
_bn
_2rdamedia
338 _avolume
_bnc
_2rdacarrier
650 4 _aالاقتصاد الجزئي
_931897
999 _aA12810
_c16378
_d16378